Statistics for Olivia Rodrigo Filmography

Click here to take the quiz!

General Stats

  • This quiz has been taken 79 times
    (26 since last reset)
  • The average score is 4 of 9

Answer Stats

TypeYearName% Correct
Web Series2019-PresentHigh School Musical: The Musical: The Series
95%
TV Show2016-2019Bizaardvark
80%
Documentary2022Olivia Rodrigo: driving home 2 u (a SOUR film)
60%
Film2015An American Girl: Grace Stirs Up Success
35%
TV Show2017New Girl
30%
Web Special2020High School Musical: The Musical: The Holiday Special
25%
TV Show2021Saturday Night Live
25%
Web Series2020Earth to Ned
10%
TV Special2020The Disney Family Singalong
10%

Score Distribution

Percentile by Number Answered

Percent of People with Each Score

Your Score History

You have not taken this quiz since the last reset